| 000 | 00871nam a2200229 a 4500 | ||
|---|---|---|---|
| 001 | 44861 | ||
| 003 | BD-RjUL | ||
| 005 | 20211209053929.0 | ||
| 008 | 160720s1969 ii ||||| |||| 00| 0 ben d | ||
| 020 | _c: IRs.1.20 | ||
| 035 | _a(BD-RjUL)44979 | ||
| 040 |
_aBD-RjUL _bben _cBD-RjUL _dBD-RjUL |
||
| 041 | _aben | ||
| 082 |
_223 _a891.4409 _bTHS 1969 |
||
| 100 |
_aঠাকুর, রবীন্দ্রনাথ _9137463 |
||
| 245 | 1 | 0 |
_aসাহিত্যের স্বরুপ / _cরবীন্দ্রনাথ ঠাকুর |
| 260 |
_aকলিকাতা : _bবিশ্বভারতী, _c১৯৬৯ |
||
| 300 |
_a৬৭ পৃ. ; _c২১ সেমি. |
||
| 650 |
_aবাংলা সাহিত্য _vইতিহাস ও সমালোচনা _9117445 |
||
| 650 |
_aBengali literary _vhistory and criticism _9137344 |
||
| 942 |
_2ddc _cBK |
||
| 999 |
_c44861 _d44861 |
||